LEADER 02095nam a2200397 a 4500 001 000000124962 003 CaOOAMICUS 005 20110408100613.0 008 110408s2006 it fh u000 u ita r 020 $a88-87948-15-1 040 $aPUL$bita 041 1 $aita$hlat 082 04$a274.539 100 0 $aGabriele da Cremona,$dsec. XIV.$0(OLS)http://pul/name/78964 245 12$aI protocolli di Gabriele da Cremona :$bnotaio della Curia patriarcale di Aquileia (1324-1336, 1344, 1350) /$c[a cura di] Andrea Tilatti. 260 $aRoma :$bIstituto storico italiano per il Medio Evo,$c2006$aUdine :$bIstituto Pio Paschini 300 $a495 p., [2] p. di tav. :$bfacsim. ;$c24 cm 490 1 $aFonti per la storia della Chiesa in Friuli. Serie medievale ;$v1 490 1 $aIstituto Storico Italiano per il Medio Evo. Fonti ;$v1 500 $aContiene indici. 504 $aBibliografia in nota. 546 $aTesto latino a fronte, note e indici in italiano. 651 4$aAquileia$xStoria ecclesiastica.$0(OLS)http://pul/subject/13307 700 1 $aTilatti, Andrea.$0(OLS)http://pul/name/26516 710 2 $aIstituto Pio Paschini per la storia della chiesa (Udine, Italy).$0(OLS)http://pul/name/21389 830 0$aIstituto Storico Italiano per il Medio Evo.$pFonti ;$v1.$0(OLS)http://pul/title/157537 830 0$aFonti per la storia della Chiesa in Friuli.$pSerie medievale ;$v1.$0(OLS)http://pul/title/157536 850 $aPUL 852 $aPUL$W1$xDP2 Religione 3$y114$m274. 539 IPP 2.1$j143862$qDDC 21$B142913$CPULBib$Z2$F142913 $H 116641 $82 941 1 $a9 996 $6020$a88-87948-15-1$9(OLS)http://pul/number/146872 996 $6082$a274.539$9(OLS)http://pul/classification/1950 996 $6245$aI protocolli di Gabriele da Cremona :$bnotaio della Curia patriarcale di Aquileia (1324-1336, 1344, 1350)$9(OLS)http://pul/title/157539 996 $6260$aRoma :$bIstituto storico italiano per il Medio Evo$9(OLS)http://pul/publisher/49609 996 $6260$aUdine :$bIstituto Pio Paschini$9(OLS)http://pul/publisher/59052 LEADER 01635nam a2200301 i 4500 001 000000105943 003 CaOOAMICUS 005 20070703112247.0 008 070702s2003 po b u100 u por r 020 $a972-54-0062-3 040 $aPUL$bita$dLDB 111 2 $aJornadas de Direito Canónico$n(11: d2003$cFátima).$0(OLS)http://pul/name/65082 245 12$aA Paróquia comunidade de fiéis:$bActas das XI Jornadas de Diretio Canónico: 28-30 Abril 2003. 260 $aLisboa :$bCentro de Estudos de Direito Canónico, Universidade Católica Portuguesa,$c2003. 300 $a295 p. ;$c22cm 490 1 $aColecçao Lusitania Canonica ;$v09 500 $aIn testa al front. : Universidade católica portuguesa, Centro de Estudios de Dereito Canónico. 504 $aBibliografia in nota. 650 14$aParrocchie (diritto canonico).$0(OLS)http://pul/subject/4381 710 2 $aUniversidade Católica Portuguesa (Lisbona).$bCentro de Estudos de Direito Canónico.$0(OLS)http://pul/name/79807 830 0$aLusitania Canonica ;$v09.$0(OLS)http://pul/title/133356 850 $aPUL 852 $aPUL$W1$xSL Diritto Canonico 3$y77$m262. 9 COLL 2.A.9$j190260$qDDC 21$B118785$CPULBib$Z2$F118785 $H104665 $82 941 1 $a9 983 0$aColeccao Lusitania Canonica. 996 $6020$a972-54-0062-3$9(OLS)http://pul/number/135110 996 $6245$aA Paróquia comunidade de fiéis:$bActas das XI Jornadas de Diretio Canónico: 28-30 Abril 2003$9(OLS)http://pul/title/133370 996 $6260$aLisboa :$bCentro de Estudos de Direito Canónico, Universidade Católica Portuguesa$9(OLS)http://pul/publisher/74869